| 000 | 00638nam a2200193Ii 4500 | ||
|---|---|---|---|
| 003 | JO-AjNU | ||
| 008 | 230605s9999||||xx |||||||||||||| ||und|| | ||
| 040 |
_aJO-AjNU _bara _erda _cJO-AjNU |
||
| 041 | _aara | ||
| 050 | 1 | 4 | _aQA76.75 1988 |
| 100 | 3 |
_aمرزة ، رياض عزيز, _eauthor _915358 |
|
| 245 | 0 | 0 | _aبرمجة الحاسبات الشخصية بلغة بيسك |
| 264 | 3 | 1 | _aبغداد:مطبعة اليواني ، 1988 |
| 300 | _a221ص | ||
| 336 |
_atext _btxt _2rdacontent |
||
| 337 |
_aunmediated _bn _2rdamedia |
||
| 338 |
_avolume _bnc _2rdacarrier |
||
| 650 | 4 |
_aالحاسبات الالكترونية-لغات _915359 |
|
| 999 |
_aA4319 _c7887 _d7887 |
||